Ley de educación primaria obligatoria. Decreto Supremo N§ 5291 de 22 de Noviembre de 1929
Guardat en:
| Autor corporatiu: | |
|---|---|
| Format: | Llibre |
| Idioma: | espanyol |
| Publicat: |
Santiago
Lagunas & Quevedo
1930
|
| Matèries: | |
| Etiquetes: |
Afegir etiqueta
Sense etiquetes, Sigues el primer a etiquetar aquest registre!
|
MARC
| LEADER | 00000cam a2200000 a 4500 | ||
|---|---|---|---|
| 001 | UCU1052 | ||
| 003 | CL-VaPUC | ||
| 008 | 960329e19300000CL |||||||||||||||||spa|d | ||
| 082 | 0 | 4 | |a 344.074 |b MIN |2 21 |
| 110 | 2 | |a Ministerio de Educación Pública |e author |9 356648 | |
| 245 | 1 | 0 | |a Ley de educación primaria obligatoria. Decreto Supremo N§ 5291 de 22 de Noviembre de 1929 |
| 300 | |a 67 p | ||
| 942 | |c BK | ||
| 945 | |d 19960329 00:00:00 |a lriquelm | ||
| 260 | |a Santiago |b Lagunas & Quevedo |c 1930 | ||
| 650 | 7 | |a LEGISLACION EDUCACIONAL |2 CL-VaPUC |9 339222 | |
| 650 | 7 | |a REGLAMENTACIONES |2 CL-VaPUC |9 338372 | |
| 650 | 0 | |a Educación básica |9 224933 | |
| 583 | |a last modification |c 20130705 11:26:59 |k Rodrigo Vera | ||
| 999 | |c 245817 |d 245815 | ||
| 952 | |0 0 |1 0 |4 0 |6 344_074000000000000_MIN_1930 |7 0 |8 P |9 260416 |a BIBEDU |b BIBEDU |c BIBEDU_PB |d 2019-11-19 |i 1639331 |o 344.074 MIN 1930 |p 1639331 |r 2019-11-19 |w 2019-11-19 |y BK |k EDU | ||
| 952 | |0 0 |1 0 |4 0 |6 344_074000000000000_MIN_1930 |7 0 |8 X |9 260417 |a FDOBUD |b FDOBUD |d 2019-11-19 |i 4988795 |o 344.074 MIN 1930 |p 4988795 |r 2019-11-19 |w 2019-11-19 |y BK_X |k BUD | ||